000
00268nam a2200085Ia 4500
008
220203s9999 xx 000 0 und d
245
0
_a
Seminar on Biomass Gasifier, 3 July 2003, Kottayam, India
260
_b
Rubber Research Institute of India
_a
Kottayam
_c
2003
942
_c
PN
999
_c
45228
_d
45228